Missing Vowels: Underwear - Statistics

General Stats
  • This quiz has been taken 123 times
  • The average score is 13 of 18
Answer Stats
Hint Answer % Correct
bxrs Boxers
94%
thng Thong
94%
scks Socks
93%
knckrs Knickers
92%
brfs Briefs
90%
tghts Tights
88%
br Bra
84%
stckngs Stockings
84%
vst Vest
78%
gstrng G-String
76%
bdystckng Bodystocking
74%
pntyhs Pantyhose
72%
pnts Panties
65%
sspndrblt Suspender Belt
61%
grtr Garter
58%
yfrnts Y-Fronts
55%
crst Corset
40%
bsq Basque
31%
No matching quizzes found
Score Distribution
Percent of People with Each Score
Percentile by Number Answered
Your Score History
You have not taken this quiz